[Event "Morava-ch U16"]
[Site "Havirov"]
[Date "2008.10.26"]
[Round "4"]
[White "Kolomaznikova, Barbora"]
[Black "Mojzisek, Marek Jr"]
[Result "1-0"]
[WhiteElo "1977"]
[BlackElo "1538"]
[PlyCount "55"]
[EventDate "2008.10.25"]
[EventType "swiss"]
[EventRounds "9"]
[EventCountry "CZE"]
[SourceTitle "EXT 2009"]
[Source "ChessBase"]
[SourceDate "2008.11.26"]
[SourceVersion "1"]
[SourceVersionDate "2008.11.26"]
[SourceQuality "1"]

1. e4 e5 2. Nf3 Nc6 3. Nc3 Nf6 4. Bb5 Bc5 5. Bxc6 dxc6 6. Nxe5 Bxf2+ 7. Kxf2 Qd4+ 8. Kf1 Qxe5 9. d4 Qe6 10. Qd3 0-0 11. h3 Rd8 12. Kf2 c5 13. d5 Qe5 14. Qf3 b6 15. Rd1 Bb7 16. Bf4 Qe7 17. e5 Ne8 18. Re1 f6 19. Kg1 fxe5 20. Rxe5 Qf7 21. Rae1 Rd7 22. Qe3 Nf6 23. Bg5 Nxd5 24. Nxd5 Bxd5 25. Rf1 Qg6 26. Rd1 c6 27. Rd2 Rf8 28. c4 1-0